000 00639cam a22002053a 4500
001 36767
003 PGUSA
005 20140828083814.0
008 110717s2011||||xxu|||||s|||||000 | eng d
040 _aPGUSA
_beng
042 _adc
100 1 _aFrothingham, Octavius Brooks,
_d1822-1895
245 1 4 _aThe Cradle of the Christ :
_bA Study in Primitive Christianity
_h[electronic resource] /
_cOctavius Brooks Frothingham
260 _bProject Gutenberg,
_c2011
506 _aPublic domain in the USA.
516 _aElectronic text
830 0 _aProject Gutenberg
_v36767
856 4 0 _uhttp://www.gutenberg.org/ebooks/36767
942 _cEB
999 _c266022
_d266022